[Event "Oberliga Ost A 2023 2024"]
[Site "?"]
[Date "2023.12.02"]
[Round "2.3"]
[Board "1"]
[White "Zaehringer, Daniel"]
[Black "Wagner, Benjamin"]
[Result "0-1"]
[WhiteElo "2155"]
[BlackElo "2159"]
[PlyCount "96"]
[EventDate "2023.10.22"]
[EventType "team-tourn"]
[EventCountry "GER"]
[WhiteTeam "Plauen SK Koenig"]
[BlackTeam "Magdeburg SG Aufbau Elbe II"]
[WhiteTeamCountry "GER"]
[BlackTeamCountry "GER"]

1. d4 d5 2. c4 e6 3. Nc3 Bb4 4. e3 Nf6 5. a3 Bxc3+ 6. bxc3 c6 7. Bd3 e5 8. Ne2 e4 9. Bc2 h5 10. a4 h4 11. h3 dxc4 12. Ba3 g5 13. Qb1 Qd5 14. Qb4 Qe6 15. Qc5 Rg8 16. d5 cxd5 17. Nd4 Qd7 18. Nb5 Nc6 19. a5 Kd8 20. Nd4 Nxd4 21. Qxd4 Qe6 22. O-O-O Bd7 23. f3 Re8 24. Rhf1 Bc6 25. Kb2 Nd7 26. fxe4 dxe4 27. Rf6 Qe5 28. Rxf7 Qxd4 29. Rxd4 b5 30. Rg7 Kc7 31. Rxg5 Rg8 32. Bd6+ Kb7 33. Rh5 Rxg2 34. Bf4 Rag8 35. Rxh4 Nc5 36. Rh7+ R8g7 37. Rxg7+ Rxg7 38. Rd6 Rg2 39. Kb1 Nd3 40. Bxd3 exd3 41. a6+ Kb6 42. e4 b4 43. cxb4 c3 44. e5 Kb5 45. e6 Be8 46. e7 Rg1+ 47. Ka2 Bf7+ 48. Ka3 Ra1# 0-1

[Event "Oberliga Ost A 2023 2024"]
[Site "?"]
[Date "2023.12.02"]
[Round "2.3"]
[Board "2"]
[White "Lippert, Daniel"]
[Black "Burian, Simon"]
[Result "1-0"]
[WhiteElo "2031"]
[BlackElo "2154"]
[PlyCount "109"]
[EventDate "2023.10.22"]
[EventType "team-tourn"]
[EventCountry "GER"]
[WhiteTeam "Magdeburg SG Aufbau Elbe II"]
[BlackTeam "Plauen SK Koenig"]
[WhiteTeamCountry "GER"]
[BlackTeamCountry "GER"]

1. e4 c5 2. Nf3 d6 3. d4 cxd4 4. Nxd4 Nf6 5. Nc3 a6 6. Bg5 e6 7. f4 Nbd7 8. Qe2 Qc7 9. Bxf6 Nxf6 10. O-O-O b5 11. a3 Rb8 12. g4 Bb7 13. g5 Nd7 14. Bh3 Nc5 15. Rhg1 Be7 16. f5 e5 17. Nf3 f6 18. Nh4 O-O 19. Ng6 fxg5 20. Nxf8 Rxf8 21. Qg4 Bf6 22. Bg2 Rc8 23. Qe2 Qb6 24. Kb1 Na4 25. Nxa4 bxa4 26. Qd2 Be7 27. Rge1 d5 28. exd5 Bxa3 29. c3 Bd6 30. Qc2 a3 31. b3 a5 32. Ka2 Qc5 33. Bf1 a4 34. Bc4 Qa5 35. Re3 Ba6 36. Bxa6 Qxa6 37. Rb1 axb3+ 38. Rxb3 Qc4 39. Qd3 Qf4 40. Re2 Rf8 41. Rb6 Rd8 42. Rb7 Bf8 43. c4 Qf1 44. Qe4 Re8 45. Rc2 Bc5 46. d6 Bd4 47. Rb1 Qf4 48. Qd5+ Kf8 49. d7 Rd8 50. Qd6+ Kf7 51. Qe6+ Kf8 52. Rb8 Rxb8 53. Qd6+ Kf7 54. Qxb8 Qxf5 55. Qe8+ 1-0

[Event "Oberliga Ost A 2023 2024"]
[Site "?"]
[Date "2023.12.02"]
[Round "2.3"]
[Board "3"]
[White "Kuraszkiewicz, Michael"]
[Black "Rafayevych, Vilen"]
[Result "1-0"]
[WhiteElo "2271"]
[BlackElo "2166"]
[PlyCount "41"]
[EventDate "2023.10.22"]
[EventType "team-tourn"]
[EventCountry "GER"]
[WhiteTeam "Plauen SK Koenig"]
[BlackTeam "Magdeburg SG Aufbau Elbe II"]
[WhiteTeamCountry "GER"]
[BlackTeamCountry "GER"]

1. d4 d5 2. c4 c6 3. Nf3 Nf6 4. Nc3 dxc4 5. a4 Bf5 6. Ne5 Nbd7 7. Nxc4 Qc7 8. g3 O-O-O 9. Bf4 e5 10. Nxe5 Nxe5 11. Bxe5 Qb6 12. Qc1 Ng4 13. a5 Qb3 14. Bg2 Nxe5 15. dxe5 Bb4 16. O-O Rhe8 17. a6 Bxc3 18. axb7+ Kxb7 19. bxc3 Qc4 20. Qb2+ Ka8 21. Qb6 1-0

[Event "Oberliga Ost A 2023 2024"]
[Site "?"]
[Date "2023.12.02"]
[Round "2.3"]
[Board "4"]
[White "Herter, Arne"]
[Black "Hoerr, Matthias"]
[Result "1-0"]
[WhiteElo "1992"]
[BlackElo "2088"]
[PlyCount "133"]
[EventDate "2023.10.22"]
[EventType "team-tourn"]
[EventCountry "GER"]
[WhiteTeam "Magdeburg SG Aufbau Elbe II"]
[BlackTeam "Plauen SK Koenig"]
[WhiteTeamCountry "GER"]
[BlackTeamCountry "GER"]

1. e4 c5 2. Nf3 e6 3. d4 cxd4 4. Nxd4 Nc6 5. Nc3 Qc7 6. Ncb5 Qb8 7. Bd3 Ne5 8. O-O a6 9. Nc3 b5 10. Kh1 Nf6 11. f4 Nxd3 12. Qxd3 b4 13. Na4 Bb7 14. e5 Nd5 15. c4 bxc3 16. bxc3 Qc7 17. Rb1 f5 18. exf6 gxf6 19. Re1 Bc6 20. Qd1 h5 21. Qd3 Kf7 22. f5 Re8 23. fxe6+ dxe6 24. Qxa6 Ba8 25. Bd2 e5 26. c4 Bc5 27. Nb5 Nf4 28. Bxf4 Rhg8 29. Qxa8 Rxa8 30. Nxc7 Rxa4 31. Be3 Bxe3 32. Rxe3 Rxc4 33. Nb5 Rb8 34. Reb3 Rd8 35. h3 e4 36. Rb4 Rxb4 37. Rxb4 f5 38. Rd4 e3 39. Kg1 Ra8 40. a4 Ke6 41. Kf1 Ke5 42. Ke2 Rg8 43. Kxe3 Rxg2 44. Kf3 Rg1 45. Rh4 Rb1 46. Nd4 Ra1 47. Nxf5 Kxf5 48. Rxh5+ Kg6 49. Ra5 Rh1 50. Kg2 Ra1 51. h4 Ra3 52. h5+ Kh6 53. Kf2 Rh3 54. Rb5 Rh4 55. a5 Ra4 56. Ke3 Rg4 57. Kd3 Rf4 58. Kc3 Ra4 59. Kb3 Ra1 60. Kb4 Ra2 61. Rc5 Rb2+ 62. Kc4 Rb1 63. a6 Ra1 64. Kb5 Rb1+ 65. Kc6 Rf1 66. a7 Rf8 67. Kb7 1-0

[Event "Oberliga Ost A 2023 2024"]
[Site "?"]
[Date "2023.12.02"]
[Round "2.3"]
[Board "5"]
[White "Sandner, Gunter"]
[Black "Udelnov, Valentin"]
[Result "1/2-1/2"]
[WhiteElo "2215"]
[BlackElo "2003"]
[PlyCount "112"]
[EventDate "2023.10.22"]
[EventType "team-tourn"]
[EventCountry "GER"]
[WhiteTeam "Plauen SK Koenig"]
[BlackTeam "Magdeburg SG Aufbau Elbe II"]
[WhiteTeamCountry "GER"]
[BlackTeamCountry "GER"]

1. d4 Nf6 2. Nf3 g6 3. c4 Bg7 4. g3 c5 5. Bg2 Qa5+ 6. Bd2 Qb6 7. dxc5 Qxc5 8. Qa4 Ng4 9. O-O Bxb2 10. Bc3 Bxa1 11. Bxa1 O-O 12. Nc3 Nf6 13. g4 Nxg4 14. Nd5 Nc6 15. h3 Nf6 16. Nxf6+ exf6 17. Bxf6 Re8 18. Nd2 Rxe2 19. Qd1 Re6 20. Ba1 Qg5 21. Re1 d5 22. h4 Rxe1+ 23. Qxe1 Qe7 24. Qxe7 Nxe7 25. cxd5 Bf5 26. Bf6 Re8 27. Nc4 Nc8 28. a4 Be4 29. d6 Bxg2 30. d7 Bc6 31. dxe8=Q+ Bxe8 32. a5 Bb5 33. Ne3 b6 34. Bc3 Ne7 35. axb6 axb6 36. Bd4 Nc8 37. Nd5 Bc6 38. Nxb6 Nd6 39. Be5 Ne4 40. Nc4 f6 41. Bd4 Kf7 42. Ba7 Bb5 43. Ne3 Nd2 44. Kg2 Bc6+ 45. Kg3 Nf3 46. Bb6 h5 47. Nc2 Nd2 48. Kf4 Bb7 49. Nd4 Ne4 50. f3 Nc3 51. Ba5 Nd5+ 52. Kg3 g5 53. Bd2 Kg6 54. hxg5 fxg5 55. Ne6 h4+ 56. Kh2 Nf4 1/2-1/2

[Event "Oberliga Ost A 2023 2024"]
[Site "?"]
[Date "2023.12.02"]
[Round "2.3"]
[Board "6"]
[White "Windelband, Jens"]
[Black "Fischer, Erik"]
[Result "1/2-1/2"]
[WhiteElo "2014"]
[BlackElo "2058"]
[PlyCount "51"]
[EventDate "2023.10.22"]
[EventType "team-tourn"]
[EventCountry "GER"]
[WhiteTeam "Magdeburg SG Aufbau Elbe II"]
[BlackTeam "Plauen SK Koenig"]
[WhiteTeamCountry "GER"]
[BlackTeamCountry "GER"]

1. e4 c5 2. Nf3 e6 3. d4 cxd4 4. Nxd4 Nc6 5. Nc3 Qc7 6. Be2 Nf6 7. O-O Be7 8. Be3 a6 9. f4 d6 10. Bf3 O-O 11. Kh1 Nxd4 12. Qxd4 e5 13. Qd2 exf4 14. Bxf4 Be6 15. Rfd1 Rfd8 16. Rac1 h6 17. Nd5 Bxd5 18. exd5 Nd7 19. c4 b6 20. Re1 Bf6 21. Bd1 Re8 22. Ba4 Rxe1+ 23. Rxe1 Ne5 24. Bxe5 Bxe5 25. Bc6 Rb8 26. Qf2 1/2-1/2

[Event "Oberliga Ost A 2023 2024"]
[Site "?"]
[Date "2023.12.02"]
[Round "2.3"]
[Board "7"]
[White "Elstner, Florian"]
[Black "Koenig, Marco"]
[Result "0-1"]
[WhiteElo "1815"]
[BlackElo "2095"]
[PlyCount "56"]
[EventDate "2023.10.22"]
[EventType "team-tourn"]
[EventCountry "GER"]
[WhiteTeam "Plauen SK Koenig"]
[BlackTeam "Magdeburg SG Aufbau Elbe II"]
[WhiteTeamCountry "GER"]
[BlackTeamCountry "GER"]

1. d4 d5 2. c4 e6 3. Nc3 Nf6 4. cxd5 exd5 5. Bg5 Nbd7 6. e3 c6 7. Bd3 Be7 8. Nge2 O-O 9. Qc2 Re8 10. f3 Nf8 11. Bh4 g6 12. O-O Ne6 13. Bf2 b6 14. Rac1 Bb7 15. Qb1 Rc8 16. b4 Qd7 17. Rc2 Bd6 18. e4 dxe4 19. Nxe4 Be7 20. Rd1 Nd5 21. b5 f5 22. N4c3 Nec7 23. Qb3 Kg7 24. a3 Bf6 25. Rdc1 Ne3 26. Bxe3 Rxe3 27. Nd1 Re6 28. Nf4 Qxd4+ 0-1

[Event "Oberliga Ost A 2023 2024"]
[Site "?"]
[Date "2023.12.02"]
[Round "2.3"]
[Board "8"]
[White "Willberg, Frank"]
[Black "Linnert, Niklas"]
[Result "0-1"]
[WhiteElo "1887"]
[BlackElo "1974"]
[PlyCount "102"]
[EventDate "2023.10.22"]
[EventType "team-tourn"]
[EventCountry "GER"]
[WhiteTeam "Magdeburg SG Aufbau Elbe II"]
[BlackTeam "Plauen SK Koenig"]
[WhiteTeamCountry "GER"]
[BlackTeamCountry "GER"]

1. Nf3 Nf6 2. g3 d5 3. c4 c6 4. b3 Bf5 5. Bg2 Nbd7 6. Bb2 Qc7 7. O-O e5 8. cxd5 cxd5 9. d4 e4 10. Ne5 Bd6 11. Nc3 a6 12. Rc1 Qd8 13. Nxd7 Bxd7 14. Rc2 O-O 15. Qc1 Qe7 16. Na4 Bxa4 17. bxa4 Qd7 18. Ba3 Bxa3 19. Qxa3 Rfc8 20. Rfc1 Rxc2 21. Rxc2 Rc8 22. Qc1 Rxc2 23. Qxc2 Ne8 24. f3 f5 25. Bh3 Nf6 26. Kf2 g6 27. Qc5 Kf7 28. a5 g5 29. Bg2 h6 30. Bh3 exf3 31. exf3 g4 32. Bg2 Qa4 33. a3 Qb3 34. h3 h5 35. Qb4 Qc2+ 36. Kf1 Qd3+ 37. Kf2 Kg6 38. Qb2 Qd1 39. Qb6 Qd2+ 40. Kf1 Qd3+ 41. Kf2 Qd2+ 42. Kf1 h4 43. Qb4 Qxb4 44. axb4 gxh3 45. Bxh3 hxg3 46. Ke2 Kg5 47. Ke3 Nh5 48. Bf1 Nf4 49. Bxa6 bxa6 50. b5 axb5 51. a6 Ne6 0-1

[Event "Oberliga Ost A 2023 2024"]
[Site "?"]
[Date "2023.12.02"]
[Round "2.4"]
[Board "1"]
[White "Teske, Henrik"]
[Black "Becker, Michael"]
[Result "1-0"]
[WhiteElo "2452"]
[BlackElo "2250"]
[PlyCount "91"]
[EventDate "2023.10.22"]
[EventType "team-tourn"]
[EventCountry "GER"]
[WhiteTeam "Erfurt SV Empor"]
[BlackTeam "Dessau SK"]
[WhiteTeamCountry "GER"]
[BlackTeamCountry "GER"]

1. d4 Nf6 2. Bf4 d5 3. e3 e6 4. c4 Bd6 5. Bg3 b6 6. cxd5 exd5 7. Nc3 O-O 8. Bd3 c5 9. dxc5 Bxc5 10. Nge2 Nc6 11. O-O Bg4 12. h3 Bh5 13. Rc1 Bg6 14. Bxg6 hxg6 15. Qa4 Rc8 16. Rfd1 Re8 17. Bh4 Re5 18. a3 g5 19. Bg3 Re6 20. Qa6 Ne7 21. b4 Bd6 22. Nb5 Bxg3 23. Nxg3 Rec6 24. Rxc6 Rxc6 25. Qxa7 g4 26. Nd4 Rc4 27. hxg4 Nxg4 28. Qb7 Qd6 29. Nde2 Rc2 30. Qa8+ Kh7 31. Qa6 Qc7 32. Qd3+ g6 33. f3 Ne5 34. Qd4 Rc4 35. Qa1 Rc2 36. Qd4 Rc4 37. Qd2 Rc2 38. Qe1 Nc4 39. Rd3 Ra2 40. Nc3 Rxa3 41. Nb5 Ra1 42. Qxa1 Qxg3 43. Qf1 Nf5 44. e4 Nh4 45. Qf2 Qg5 46. f4 1-0

[Event "Oberliga Ost A 2023 2024"]
[Site "?"]
[Date "2023.12.02"]
[Round "2.4"]
[Board "2"]
[White "Matthey, Harald"]
[Black "Mueller, Magnus"]
[Result "0-1"]
[WhiteElo "2088"]
[BlackElo "2023"]
[PlyCount "46"]
[EventDate "2023.10.22"]
[EventType "team-tourn"]
[EventCountry "GER"]
[WhiteTeam "Dessau SK"]
[BlackTeam "Erfurt SV Empor"]
[WhiteTeamCountry "GER"]
[BlackTeamCountry "GER"]

1. Nf3 d5 2. g3 Nf6 3. Bg2 e6 4. O-O Be7 5. d4 O-O 6. Nbd2 c5 7. c4 Nc6 8. dxc5 Bxc5 9. a3 a5 10. cxd5 exd5 11. Nb3 Bb6 12. Nbd4 Re8 13. Re1 a4 14. Bf4 Ne4 15. Rc1 Qf6 16. Be3 Bg4 17. Qd3 Na5 18. Nc2 Nc4 19. Qxd5 Nxe3 20. Nxe3 Nxf2 21. Kxf2 Bxe3+ 22. Kf1 Bxc1 23. Rxc1 Qxb2 0-1

[Event "Oberliga Ost A 2023 2024"]
[Site "?"]
[Date "2023.12.02"]
[Round "2.4"]
[Board "3"]
[White "Langheinrich, Ferenc"]
[Black "Mirschinka, Dirk"]
[Result "1/2-1/2"]
[WhiteElo "2352"]
[BlackElo "2160"]
[PlyCount "72"]
[EventDate "2023.10.22"]
[EventType "team-tourn"]
[EventCountry "GER"]
[WhiteTeam "Erfurt SV Empor"]
[BlackTeam "Dessau SK"]
[WhiteTeamCountry "GER"]
[BlackTeamCountry "GER"]

1. e4 d6 2. d4 Nf6 3. Nc3 g6 4. f3 Bg7 5. Be3 c6 6. Qd2 b5 7. g4 h5 8. g5 Nfd7 9. h4 Bb7 10. f4 b4 11. Nd1 c5 12. d5 O-O 13. Nh3 Qc7 14. Be2 Nb6 15. c4 bxc3 16. Nxc3 Ba6 17. O-O Bxc3 18. bxc3 Nc4 19. Bxc4 Bxc4 20. Rfe1 Nd7 21. Bf2 Nb6 22. f5 gxf5 23. Qd1 e5 24. dxe6 fxe6 25. Nf4 fxe4 26. Rxe4 Qf7 27. Qxd6 Qf5 28. Rae1 Bd5 29. Rxe6 Qg4+ 30. Kf1 Bc4+ 31. R1e2 Rxf4 32. Rg6+ Kf7 33. Rf6+ Rxf6 34. Qxf6+ Kg8 35. Qg6+ Kh8 36. Qh6+ Kg8 1/2-1/2

[Event "Oberliga Ost A 2023 2024"]
[Site "?"]
[Date "2023.12.02"]
[Round "2.4"]
[Board "4"]
[White "Schubert, Ralf"]
[Black "Urban, Lars"]
[Result "0-1"]
[WhiteElo "2087"]
[BlackElo "2205"]
[PlyCount "50"]
[EventDate "2023.10.22"]
[EventType "team-tourn"]
[EventCountry "GER"]
[WhiteTeam "Dessau SK"]
[BlackTeam "Erfurt SV Empor"]
[WhiteTeamCountry "GER"]
[BlackTeamCountry "GER"]

1. d4 d5 2. c4 e6 3. Nc3 Bb4 4. cxd5 exd5 5. Nf3 Nf6 6. a3 Bxc3+ 7. bxc3 Ne4 8. Qb3 c5 9. dxc5 O-O 10. Be3 Na6 11. Rd1 Qa5 12. Qxd5 Naxc5 13. Nd2 Qxc3 14. Bxc5 Nxc5 15. Qf3 Qa5 16. Rc1 Na4 17. e4 Rd8 18. Qe3 Be6 19. Be2 Rd7 20. Rc2 Rad8 21. Kd1 Qe5 22. Ke1 Qa1+ 23. Bd1 Nb2 24. Ke2 Nc4 25. Nxc4 Rxd1 0-1

[Event "Oberliga Ost A 2023 2024"]
[Site "?"]
[Date "2023.12.02"]
[Round "2.4"]
[Board "5"]
[White "Heinke, Jasper"]
[Black "Erler, Rainer"]
[Result "1-0"]
[WhiteElo "2041"]
[BlackElo "2154"]
[PlyCount "137"]
[EventDate "2023.10.22"]
[EventType "team-tourn"]
[EventCountry "GER"]
[WhiteTeam "Erfurt SV Empor"]
[BlackTeam "Dessau SK"]
[WhiteTeamCountry "GER"]
[BlackTeamCountry "GER"]

1. e4 e5 2. Nf3 Nc6 3. d4 exd4 4. Nxd4 Nf6 5. Nxc6 bxc6 6. e5 Ne4 7. Nd2 Nc5 8. Nb3 Qe7 9. f4 d5 10. Be3 Nxb3 11. axb3 f6 12. Be2 fxe5 13. fxe5 Qb4+ 14. c3 Qe4 15. Qd2 Bf5 16. O-O Be7 17. Rf4 Qc2 18. Qxc2 Bxc2 19. Rfa4 Rf8 20. Rxa7 Rxa7 21. Rxa7 Rf5 22. Bg4 Rxe5 23. Bd4 Rg5 24. Be6 Bd6 25. b4 Ke7 26. Bc8 Be4 27. Bh3 Bf5 28. Bxf5 Rxf5 29. Bxg7 c5 30. b5 Bf4 31. g3 Be3+ 32. Kg2 Rf2+ 33. Kh3 Rxb2 34. Rxc7+ Kd6 35. Rc6+ Kd7 36. c4 Bd4 37. Bxd4 cxd4 38. c5 Rxb5 39. Rd6+ Ke7 40. Rxd5 Ke6 41. Rxd4 Rxc5 42. Rf4 Rc2 43. g4 h6 44. Rf5 Ke7 45. Kg3 Ra2 46. Rf3 Ke6 47. h3 Ra5 48. Kh4 Ke7 49. Rf5 Ra3 50. Kh5 Rxh3+ 51. Kg6 Rh4 52. Rf4 h5 53. Rf7+ Ke8 54. g5 Rg4 55. Rf2 h4 56. Kh5 Rg1 57. Kxh4 Rh1+ 58. Kg4 Rh8 59. Rf6 Ke7 60. Kf5 Rh1 61. Kg6 Rg1 62. Rf2 Rg3 63. Kh6 Rh3+ 64. Kg7 Rg3 65. g6 Rg1 66. Kh7 Rh1+ 67. Kg8 Rg1 68. g7 Rg3 69. Re2+ 1-0

[Event "Oberliga Ost A 2023 2024"]
[Site "?"]
[Date "2023.12.02"]
[Round "2.4"]
[Board "6"]
[White "Ozeran, Volodymyr"]
[Black "Wiemers, Holger"]
[Result "1/2-1/2"]
[WhiteElo "2084"]
[BlackElo "2053"]
[PlyCount "26"]
[EventDate "2023.10.22"]
[EventType "team-tourn"]
[EventCountry "GER"]
[WhiteTeam "Dessau SK"]
[BlackTeam "Erfurt SV Empor"]
[WhiteTeamCountry "GER"]
[BlackTeamCountry "GER"]

1. d4 Nf6 2. Nf3 e6 3. g3 c5 4. c4 d5 5. Bg2 Nc6 6. Nc3 cxd4 7. Nxd4 Be7 8. O-O O-O 9. e4 Nxd4 10. Qxd4 dxe4 11. Qxd8 Rxd8 12. Nxe4 Nxe4 13. Bxe4 Bf6 1/2-1/2

[Event "Oberliga Ost A 2023 2024"]
[Site "?"]
[Date "2023.12.02"]
[Round "2.4"]
[Board "7"]
[White "Nicolai, Tim"]
[Black "Schaefer, Sven"]
[Result "1/2-1/2"]
[WhiteElo "1989"]
[BlackElo "1971"]
[PlyCount "48"]
[EventDate "2023.10.22"]
[EventType "team-tourn"]
[EventCountry "GER"]
[WhiteTeam "Erfurt SV Empor"]
[BlackTeam "Dessau SK"]
[WhiteTeamCountry "GER"]
[BlackTeamCountry "GER"]

1. e4 c5 2. Nc3 g6 3. d4 cxd4 4. Qxd4 Nf6 5. Be3 Nc6 6. Qd2 Bg7 7. f3 Qa5 8. O-O-O d6 9. Kb1 Be6 10. Nd5 Qxd2 11. Rxd2 Bxd5 12. exd5 Ne5 13. g4 O-O 14. g5 Ne8 15. Be2 f5 16. Nh3 Nc7 17. Nf4 h5 18. gxh6 Bxh6 19. h4 Kh7 20. Rd4 Rg8 21. Bc1 Rac8 22. Nh3 Bxc1 23. Kxc1 a6 24. Ng5+ Kg7 1/2-1/2

[Event "Oberliga Ost A 2023 2024"]
[Site "?"]
[Date "2023.12.02"]
[Round "2.5"]
[Board "1"]
[White "Post, Hugo"]
[Black "Pulpan, Jakub"]
[Result "0-1"]
[WhiteElo "2212"]
[BlackElo "2393"]
[PlyCount "84"]
[EventDate "2023.10.22"]
[EventType "team-tourn"]
[EventCountry "GER"]
[WhiteTeam "Loeberitz SG"]
[BlackTeam "Aue ESV Nickelhuette II"]
[WhiteTeamCountry "GER"]
[BlackTeamCountry "GER"]

1. e4 e5 2. Nf3 Nc6 3. Bb5 Nf6 4. d3 Bc5 5. Bxc6 dxc6 6. Nbd2 Be6 7. O-O Qd6 8. b3 Nd7 9. a3 Qe7 10. Bb2 Bd6 11. Qe2 g5 12. d4 f6 13. dxe5 fxe5 14. Nc4 Bxc4 15. Qxc4 g4 16. Nd2 Rf8 17. Qe2 Qe6 18. Nc4 Bc5 19. b4 Bb6 20. Rad1 O-O-O 21. Rd2 Rf7 22. a4 Rdf8 23. Qd3 a6 24. Ba3 Rg8 25. Rfd1 Bd4 26. c3 Rf3 27. Ne3 Bxe3 28. fxe3 Rf7 29. b5 cxb5 30. axb5 a5 31. c4 b6 32. Qc3 Nf6 33. Qc2 g3 34. c5 gxh2+ 35. Kh1 Nh5 36. Rd6 cxd6 37. cxb6+ Kb8 38. Bxd6+ Ka8 39. Qc6+ Rb7 40. Bc7 Qg4 41. Qc2 Ng3+ 42. Kxh2 Ne2 0-1

[Event "Oberliga Ost A 2023 2024"]
[Site "?"]
[Date "2023.12.02"]
[Round "2.5"]
[Board "2"]
[White "Cerveny, Martin"]
[Black "Schuetze, Norman"]
[Result "0-1"]
[WhiteElo "2390"]
[BlackElo "2279"]
[PlyCount "50"]
[EventDate "2023.10.22"]
[EventType "team-tourn"]
[EventCountry "GER"]
[WhiteTeam "Aue ESV Nickelhuette II"]
[BlackTeam "Loeberitz SG"]
[WhiteTeamCountry "GER"]
[BlackTeamCountry "GER"]

1. Nf3 Nf6 2. d4 d5 3. c4 e6 4. Nc3 Bb4 5. Bg5 dxc4 6. e4 b5 7. a4 c6 8. g3 h6 9. Bxf6 gxf6 10. Bg2 Bb7 11. O-O a6 12. Re1 Nd7 13. d5 Nc5 14. Nd4 Nd3 15. Qh5 Qb6 16. Re3 Qxd4 17. axb5 cxb5 18. dxe6 O-O-O 19. Qxf7 Bxc3 20. e7 Rde8 21. bxc3 Qe5 22. Bh3+ Kb8 23. Be6 Nc5 24. Bd5 Rxe7 25. Qg6 Qg5 0-1

[Event "Oberliga Ost A 2023 2024"]
[Site "?"]
[Date "2023.12.02"]
[Round "2.5"]
[Board "3"]
[White "Rogule, Laura"]
[Black "Cerveny, Petr"]
[Result "1-0"]
[WhiteElo "2253"]
[BlackElo "2284"]
[PlyCount "65"]
[EventDate "2023.10.22"]
[EventType "team-tourn"]
[EventCountry "GER"]
[WhiteTeam "Loeberitz SG"]
[BlackTeam "Aue ESV Nickelhuette II"]
[WhiteTeamCountry "GER"]
[BlackTeamCountry "GER"]

1. d4 Nf6 2. c4 e6 3. Nf3 b6 4. g3 Bb7 5. Bg2 Be7 6. O-O O-O 7. Re1 Ne4 8. Nfd2 d5 9. cxd5 exd5 10. Qb3 Kh8 11. Nc3 f5 12. Nf3 c6 13. Bf4 Nd7 14. Rac1 Qe8 15. a3 g5 16. Nxe4 gxf4 17. Nc5 fxg3 18. Nxb7 gxf2+ 19. Kxf2 Nf6 20. Ne5 Rb8 21. Kg1 Rxb7 22. Rxc6 Bd8 23. Kh1 Rg7 24. Bxd5 Bc7 25. Re6 Qh5 26. Qb4 Rfg8 27. Rxf6 Bxe5 28. dxe5 Qxe2 29. Rf8 Qxe1+ 30. Qxe1 Rxf8 31. e6 f4 32. Bc6 Re7 33. Qb4 1-0

[Event "Oberliga Ost A 2023 2024"]
[Site "?"]
[Date "2023.12.02"]
[Round "2.5"]
[Board "4"]
[White "Bulockin, Martin"]
[Black "Pallas, Sebastian"]
[Result "1/2-1/2"]
[WhiteElo "2294"]
[BlackElo "2203"]
[PlyCount "137"]
[EventDate "2023.10.22"]
[EventType "team-tourn"]
[EventCountry "GER"]
[WhiteTeam "Aue ESV Nickelhuette II"]
[BlackTeam "Loeberitz SG"]
[WhiteTeamCountry "GER"]
[BlackTeamCountry "GER"]

1. e4 c5 2. Nf3 d6 3. c3 Nf6 4. Be2 Nbd7 5. d3 g6 6. c4 Bg7 7. Nc3 O-O 8. O-O Nb8 9. d4 cxd4 10. Nxd4 Nc6 11. Be3 Nd7 12. Nxc6 bxc6 13. Qd2 c5 14. f4 Bb7 15. Bf3 Nb8 16. Rad1 Nc6 17. Ne2 Qa5 18. Qxa5 Nxa5 19. b3 f5 20. e5 Bxf3 21. gxf3 Nb7 22. exd6 exd6 23. Rd3 Rae8 24. Nc3 Rxe3 25. Rxe3 Bd4 26. Nd5 Kf7 27. Rd1 Bxe3+ 28. Nxe3 Ke6 29. Nd5 Kd7 30. Re1 Rf7 31. Kf2 Na5 32. h4 Nc6 33. h5 Ne7 34. hxg6 hxg6 35. Rh1 Kc6 36. Ne3 Rf6 37. Rh7 Re6 38. Rg7 a6 39. Rf7 d5 40. cxd5+ Nxd5 41. Nxd5 Kxd5 42. Rd7+ Kc6 43. Rd2 Kb5 44. Kg3 a5 45. Rc2 Re1 46. Kh4 Rf1 47. Kg3 Rd1 48. Kf2 Rd4 49. Ke3 a4 50. Rd2 axb3 51. axb3 Rb4 52. Rd3 Kc6 53. Rc3 Rb8 54. Kd2 Kb5 55. Kc2 Rh8 56. Kd2 Rh1 57. Ke2 Rh4 58. Ke3 Rh2 59. Kd3 Rb2 60. Ke3 Rb1 61. Kd2 Ra1 62. Ke2 Ra5 63. Rc4 Ra6 64. Rc3 Rd6 65. Rc4 Rd5 66. Ke3 Rd7 67. Ke2 Rb7 68. Kd3 Kc6 69. b4 1/2-1/2

[Event "Oberliga Ost A 2023 2024"]
[Site "?"]
[Date "2023.12.02"]
[Round "2.5"]
[Board "5"]
[White "Boehm, Christian"]
[Black "Schnabel, Ralf"]
[Result "1/2-1/2"]
[WhiteElo "2050"]
[BlackElo "2203"]
[PlyCount "94"]
[EventDate "2023.10.22"]
[EventType "team-tourn"]
[EventCountry "GER"]
[WhiteTeam "Loeberitz SG"]
[BlackTeam "Aue ESV Nickelhuette II"]
[WhiteTeamCountry "GER"]
[BlackTeamCountry "GER"]

1. e4 Nf6 2. e5 Nd5 3. d4 d6 4. c4 Nb6 5. exd6 cxd6 6. Nc3 Bf5 7. Be3 e6 8. Nf3 Be7 9. Be2 O-O 10. b3 Nc6 11. O-O Bf6 12. Rc1 d5 13. c5 Nc8 14. Qd2 Bg4 15. h3 Bxf3 16. Bxf3 N8e7 17. g4 g6 18. Bg2 Bg7 19. Rfd1 f5 20. Bh6 Qd7 21. Bxg7 Kxg7 22. Re1 fxg4 23. hxg4 e5 24. dxe5 Qxg4 25. Qe2 Qg5 26. Rcd1 Rad8 27. Qd2 Qxd2 28. Rxd2 Rf5 29. Nxd5 Rxe5 30. Rxe5 Nxe5 31. Re2 N7c6 32. b4 Nd3 33. b5 Na5 34. Rc2 Ne1 35. Rd2 Nxg2 36. Kxg2 Nc4 37. Rd1 Kf7 38. Rd4 Na3 39. Rf4+ Ke6 40. Nc7+ Kd7 41. Rf7+ Kc8 42. Ne6 Re8 43. Nc7 Re5 44. c6 bxc6 45. bxc6 Rc5 46. Ne6 Rxc6 47. Rxa7 Rxe6 1/2-1/2

[Event "Oberliga Ost A 2023 2024"]
[Site "?"]
[Date "2023.12.02"]
[Round "2.5"]
[Board "6"]
[White "Heinz, Juergen"]
[Black "Mertens, Fridolin"]
[Result "0-1"]
[WhiteElo "2142"]
[BlackElo "2119"]
[PlyCount "76"]
[EventDate "2023.10.22"]
[EventType "team-tourn"]
[EventCountry "GER"]
[WhiteTeam "Aue ESV Nickelhuette II"]
[BlackTeam "Loeberitz SG"]
[WhiteTeamCountry "GER"]
[BlackTeamCountry "GER"]

1. d4 Nf6 2. Bg5 d5 3. Nd2 Bf5 4. Ngf3 c6 5. e3 Nbd7 6. Be2 h6 7. Bh4 Qb6 8. Nb3 g5 9. Bg3 Ne4 10. Nfd2 Nxg3 11. hxg3 e6 12. O-O a5 13. a4 Bg7 14. f4 Bg6 15. Bh5 Bxh5 16. Qxh5 Nf6 17. Qe2 O-O-O 18. Qd3 Qc7 19. Rac1 g4 20. c4 h5 21. cxd5 Nxd5 22. Nc4 h4 23. Kf2 Kb8 24. Ncxa5 e5 25. fxe5 f6 26. Ke2 fxe5 27. Nxc6+ bxc6 28. Nc5 Qb6 29. Rf7 Ka8 30. Rxg7 exd4 31. Rb7 Qa5 32. Nb3 Qxa4 33. Rc4 Qxc4 34. Qxc4 Kxb7 35. Nxd4 h3 36. Qxc6+ Kb8 37. gxh3 gxh3 38. Qb5+ Ka8 0-1

[Event "Oberliga Ost A 2023 2024"]
[Site "?"]
[Date "2023.12.02"]
[Round "2.5"]
[Board "7"]
[White "Schindler, Christian"]
[Black "Poessel, Christian"]
[Result "0-1"]
[WhiteElo "2160"]
[BlackElo "1972"]
[PlyCount "74"]
[EventDate "2023.10.22"]
[EventType "team-tourn"]
[EventCountry "GER"]
[WhiteTeam "Loeberitz SG"]
[BlackTeam "Aue ESV Nickelhuette II"]
[WhiteTeamCountry "GER"]
[BlackTeamCountry "GER"]

1. d4 Nf6 2. Nf3 e6 3. c4 b6 4. Bg5 h6 5. Bh4 Bb4+ 6. Nc3 g5 7. Bg3 Ne4 8. Qc2 Bb7 9. Ne5 Bxc3+ 10. bxc3 d6 11. Nd3 Nd7 12. f3 Nxg3 13. hxg3 e5 14. Nf2 Qf6 15. O-O-O O-O-O 16. e3 Kb8 17. Bd3 Qe7 18. Kb2 Nf6 19. Rde1 d5 20. Qb3 e4 21. Be2 exf3 22. Bxf3 Qd6 23. Rh3 h5 24. g4 hxg4 25. Nxg4 Rxh3 26. gxh3 dxc4 27. Qd1 Nxg4 28. Bxg4 Be4 29. Rf1 Qd5 30. Qa4 f5 31. Be2 b5 32. Qd1 Rh8 33. Bh5 Qd6 34. Bf3 Rxh3 35. Bxe4 fxe4 36. Qg4 Rh2+ 37. Kb1 Qa3 0-1